000 01339cam a22003737a 4500
003 CHAP
005 20220329142209.0
008 000207d1999 mx a r 00110 spa d
010 _a79807
011 _a80779
035 _a91233
040 _cCHAP
090 _aTesis
100 0 0 _aVásquez Vicente, Delfino.
_9120274
245 1 0 _aSituación de la producción comercialización consumo de huevo en México
_c/por Delfino Vásquez Vicente
260 _aChapingo, Méx. :
_bEl autor,
_c1999.
300 _a98 h. :
_bilus. ; gráfs. ; anexos
502 _aTesis (Lic. en Economía Agrícola) -- UACH. División de Ciencias Económico Administrativas
590 _aALEPH
_b10
_c20130110
_lUCH01
_h1433
590 _aBATCH-UPD
_b10
_c20130110
_lUCH01
_h1103
590 _aBATCH-UPD
_b10
_c20130410
_lUCH01
_h0656
590 _aBATCH-UPD
_b10
_c20130914
_lUCH01
_h1626
590 _aCONVERSION
_b10
_c20130109
_lUCH01
_h1344
650 1 4 _aHuevos
_xConsumo.
_956743
650 1 4 _aHuevos
_xMercadeo.
_956751
650 1 4 _aHuevos
_xProducción.
_956759
650 1 4 _aOferta y demanda.
_982790
901 _aBK
905 _aGuadalupe Pinto C.
942 _cFOLL
949 _bBC
_cTES
_d33724000740890
_eTS2
_fc.2
_h34593
_i91233
_sb
949 _bBC
_cTES
_d33724000763157
_eTS2
_fc.3
_h35948
_i91233
_si
949 _bBC
_cTES
_d912331
_eTS1
_h34592
_i91233
_sb
999 _c79807
_d79807